| 000 -LEADER |
| fixed length control field |
00785nam a2200217Ia 4500 |
| 020 ## - INTERNATIONAL STANDARD BOOK NUMBER |
| ISBN |
9211195497 |
| 040 ## - CATALOGING SOURCE |
| Transcribing agency |
DLC |
| 082 ## - DEWEY DECIMAL CLASSIFICATION NUMBER |
| Classification number |
333 UNI 1989 A066 Or. |
| 245 00 - TITLE STATEMENT |
| Title |
Guidelines for the preparation of national master water plans |
| 260 ## - PUBLICATION, DISTRIBUTION, ETC. (IMPRINT) |
| Place of publication |
New York : |
| Name of publisher |
United Nations, |
| Year of publication |
1989 |
| 300 ## - PHYSICAL DESCRIPTION |
| Number of Pages |
x, 163 p. : |
| Other physical details |
ill. ; |
| Dimensions |
30 cm |
| 490 1# - SERIES STATEMENT |
| Series statement |
Water resources series, |
| 500 ## - GENERAL NOTE |
| General note |
Spine title: Water resources development in Asia and the Pacific |
| 500 ## - GENERAL NOTE |
| General note |
At head of title: Economic and Social Commission for Asia and the Pacific |
| 500 ## - GENERAL NOTE |
| General note |
"ST/ESCAP/SER.F/65"--T.p. verso |
| 500 ## - GENERAL NOTE |
| General note |
"United Nations Publication Sales No.E.89.II.F.17"--T.p. verso. Screen 2 o |
| 650 #0 - SUBJECT ADDED ENTRY--TOPICAL TERM |
| Topical Term |
Water resources development |
| 650 #0 - SUBJECT ADDED ENTRY--TOPICAL TERM |
| Topical Term |
Irrigation |
| 710 2# - ADDED ENTRY--CORPORATE NAME |
| Corporate name or jurisdiction name as entry element |
United Nations. |
| 942 ## - ADDED ENTRY ELEMENTS (KOHA) |
| Koha item type |
សៀវភៅភាសាអង់គ្លេស |
| 952 ## - LOCATION AND ITEM INFORMATION (KOHA) |
| Withdrawn status [LOCAL, KOHA] |
0 |